Notes pour servir á l'ichthyologie du Portugal : (Record no. 47428)

MARC details
000 -LEADER
campo de control de longitud fija 00578nam a2200169 i 4500
001 - NÚMERO DE CONTROL
campo de control 47428
003 - IDENTIFICADOR DE NÚMERO DE CONTROL
campo de control ES-MaACL
005 - FECHA Y HORA DE LA ÚLTIMA TRANSACCIÓN
campo de control 20230906161549.0
007 - CAMPO FIJO DE DESCRIPCIÓN FÍSICA--INFORMACIÓN GENERAL
campo de control de longitud fija t|
008 - DATOS DE LONGITUD FIJA--INFORMACIÓN GENERAL
campo de control de longitud fija 030425s1866 po ||||1| fre d
100 1# - ENTRADA PRINCIPAL--NOMBRE DE PERSONA
Nombre de persona Barbosa du Bocage, José Vicente.
9 (RLIN) 25476
245 10 - MENCIÓN DEL TÍTULO
Título Notes pour servir á l'ichthyologie du Portugal :
Resto del título poissons plagiostomes... squales /
Mención de responsabilidad, etc. par Jose Vicente du Bocage et Felix de Brito Capello.
260 ## - PUBLICACIÓN, DISTRIBUCIÓN, ETC.
Lugar de publicación, distribución, etc. Lisbonne :
Nombre del editor, distribuidor, etc. [s.n.],
Fecha de publicación, distribución, etc. 1866.
650 #4 - PUNTO DE ACCESO ADICIONAL DE MATERIA--TÉRMINO DE MATERIA
Término de materia o nombre geográfico como elemento de entrada Peces-
Subdivisión geográfica Portugal.
9 (RLIN) 176258
700 1# - ENTRADA AGREGADA--NOMBRE PERSONAL
Nombre de persona Brito Capello, Felix de.
9 (RLIN) 31800
852 4# - LOCALIZACIÓN
Ubicación ES-MaACL
Número de control de estantería T-125-F-3
Holdings
Estatus retirado Estado de pérdida Estado de daño No para préstamo Colección Biblioteca de origen Biblioteca actual Ubicación en estantería Fecha de adquisición Fuente de adquisición Total de préstamos Signatura topográfica completa Código de barras Visto por última vez Precio de reemplazo Tipo de ítem Koha
        Colección de folletos Biblioteca del Ateneo de Madrid Biblioteca del Ateneo de Madrid Depósito folletos 17/01/2008     T-125-F-3 1049899 23/02/2023 23/02/2023 Folleto